00545nam a2200145Ia 450000500170000000800390001702000180005608200190007410000160009324500400010926000170014930000140016652001940018065000250037420260302160847.0260302s9999 xx 000 0 und d a9780761997702 a338.92609bCOH aCohen, Goel 0aTechnology Transfer / cCohen, Goel bSAGE, c2004 a176 pages aThis book identifies the major factors responsible for effective transfer of information and human expertise from an advanced country or a multinational corporation to the developing world. aBusiness & Economics